<?xml version="1.0" encoding="UTF-8"?>
<record
    xmlns:xsi="http://www.w3.org/2001/XMLSchema-instance"
    xsi:schemaLocation="http://www.loc.gov/MARC21/slim http://www.loc.gov/standards/marcxml/schema/MARC21slim.xsd"
    xmlns="http://www.loc.gov/MARC21/slim">

  <leader>01628nam a2200289 a 4500</leader>
  <controlfield tag="001">000039120</controlfield>
  <controlfield tag="003">DO-SdBNP</controlfield>
  <controlfield tag="005">20221103134637.0</controlfield>
  <controlfield tag="007">ta</controlfield>
  <controlfield tag="008">130523s2012    dr ac         000 0 spa d</controlfield>
  <datafield tag="020" ind1=" " ind2=" ">
    <subfield code="a">9789945006841</subfield>
  </datafield>
  <datafield tag="040" ind1=" " ind2=" ">
    <subfield code="a">DO-SdBNP</subfield>
    <subfield code="b">spa</subfield>
    <subfield code="c">BNPHU</subfield>
  </datafield>
  <datafield tag="082" ind1=" " ind2="4">
    <subfield code="2">22</subfield>
    <subfield code="b">M878d</subfield>
  </datafield>
  <datafield tag="100" ind1="1" ind2=" ">
    <subfield code="a">Morrison, Heriberto</subfield>
    <subfield code="9">6495</subfield>
  </datafield>
  <datafield tag="245" ind1="1" ind2="3">
    <subfield code="a">El deporte en el marco de la estrategia nacional de desarrollo:</subfield>
    <subfield code="b">retos y perspectivas. /</subfield>
    <subfield code="c">Heriberto Morrison; fotograf&#xED;a de cubierta, Merian P&#xE9;rez. </subfield>
  </datafield>
  <datafield tag="260" ind1=" " ind2=" ">
    <subfield code="a">Santo Domingo :</subfield>
    <subfield code="b">Editora B&#xFA;ho,</subfield>
    <subfield code="c">2012.</subfield>
  </datafield>
  <datafield tag="300" ind1=" " ind2=" ">
    <subfield code="a">111 p. :</subfield>
    <subfield code="b">il., retrs. ;</subfield>
    <subfield code="c">23 cm.</subfield>
  </datafield>
  <datafield tag="500" ind1=" " ind2=" ">
    <subfield code="a">Incluye datos biogr&#xE1;ficos del autor en las solapas de las cubiertas.</subfield>
  </datafield>
  <datafield tag="504" ind1=" " ind2=" ">
    <subfield code="a">Bibliograf&#xED;a: 110 - 111</subfield>
  </datafield>
  <datafield tag="505" ind1=" " ind2=" ">
    <subfield code="a">Dedicatoria.</subfield>
    <subfield code="g">Reconocimientos.</subfield>
    <subfield code="g">Introducci&#xF3;n.</subfield>
    <subfield code="t">Cap&#xED;tulo I.</subfield>
    <subfield code="t">Antecedentes.--</subfield>
    <subfield code="t">Cap&#xED;tulo II.</subfield>
    <subfield code="t">El deporte y el Estado.--</subfield>
    <subfield code="t">Cap&#xED;tulo III.</subfield>
    <subfield code="t">La Ley 1-12 de Estrategia Nacional</subfield>
    <subfield code="t">Cap&#xED;tulo IV.</subfield>
    <subfield code="t">Estrategia de Desarrollo en Deporte.--</subfield>
    <subfield code="t">Cap&#xED;tulo V.</subfield>
    <subfield code="t">Punto de partida.--</subfield>
    <subfield code="t">Cap&#xED;tulo VI.</subfield>
    <subfield code="t">Cap&#xED;tulo VI. </subfield>
    <subfield code="t">Organizaci&#xF3;n de entidades deportivas.--</subfield>
    <subfield code="t">Cap&#xED;tulo VII.</subfield>
    <subfield code="t">A la Vanguardia.--</subfield>
    <subfield code="t">Cap&#xED;tulo VIII.</subfield>
    <subfield code="t">&#xBF;Avance o Retroceso?.--</subfield>
    <subfield code="t">Cap&#xED;tulo IX.</subfield>
    <subfield code="t">Ley contradictoria.--</subfield>
    <subfield code="t">Cap&#xED;tulo X.</subfield>
    <subfield code="t">Perspectivas y Retos.--</subfield>
    <subfield code="t">Recomendaciones y sugerencias que podr&#xED;an ser &#xFA;tiles a la actualizaci&#xF3;n del Plan Plurianual 2013 - 2016.--</subfield>
    <subfield code="t">Fuentes bibliogr&#xE1;ficas.</subfield>
  </datafield>
  <datafield tag="590" ind1=" " ind2=" ">
    <subfield code="a">Inventariado 2022 / MF</subfield>
  </datafield>
  <datafield tag="650" ind1=" " ind2="4">
    <subfield code="9">16540</subfield>
    <subfield code="a">Deportes</subfield>
    <subfield code="x">Legislaci&#xF3;n</subfield>
    <subfield code="z">Rep&#xFA;blica Dominicana</subfield>
  </datafield>
  <datafield tag="650" ind1=" " ind2="0">
    <subfield code="9">19547</subfield>
    <subfield code="a">Deporte</subfield>
    <subfield code="z">Rep&#xFA;blica Dominicana</subfield>
  </datafield>
  <datafield tag="700" ind1="1" ind2=" ">
    <subfield code="a">P&#xE9;rez,  Merian </subfield>
    <subfield code="e">foto</subfield>
    <subfield code="9">82683</subfield>
  </datafield>
  <datafield tag="910" ind1=" " ind2=" ">
    <subfield code="a">MFeliz</subfield>
  </datafield>
  <datafield tag="942" ind1=" " ind2=" ">
    <subfield code="2">ddc</subfield>
    <subfield code="c">LBS1</subfield>
  </datafield>
  <datafield tag="952" ind1=" " ind2=" ">
    <subfield code="0">0</subfield>
    <subfield code="1">0</subfield>
    <subfield code="2">ddc</subfield>
    <subfield code="5">6</subfield>
    <subfield code="7">0</subfield>
    <subfield code="8">DS</subfield>
    <subfield code="a">BNPHU</subfield>
    <subfield code="b">BNPHU</subfield>
    <subfield code="c">CT</subfield>
    <subfield code="d">2013-05-23</subfield>
    <subfield code="e">Dep&#xF3;sito legal</subfield>
    <subfield code="o"> </subfield>
    <subfield code="p">2022-4855</subfield>
    <subfield code="r">2020-06-25</subfield>
    <subfield code="t">e. 3</subfield>
    <subfield code="w">2020-06-25</subfield>
    <subfield code="y">LBS1</subfield>
  </datafield>
  <datafield tag="952" ind1=" " ind2=" ">
    <subfield code="0">0</subfield>
    <subfield code="1">0</subfield>
    <subfield code="2">ddc</subfield>
    <subfield code="5">6</subfield>
    <subfield code="7">0</subfield>
    <subfield code="8">DS</subfield>
    <subfield code="a">BNPHU</subfield>
    <subfield code="b">BNPHU</subfield>
    <subfield code="c">CT</subfield>
    <subfield code="d">2013-05-23</subfield>
    <subfield code="o"> </subfield>
    <subfield code="p">2022-4856</subfield>
    <subfield code="r">2020-06-25</subfield>
    <subfield code="t">e. 4</subfield>
    <subfield code="w">2020-06-25</subfield>
    <subfield code="y">LBS1</subfield>
  </datafield>
  <datafield tag="952" ind1=" " ind2=" ">
    <subfield code="0">0</subfield>
    <subfield code="1">0</subfield>
    <subfield code="2">ddc</subfield>
    <subfield code="5">1</subfield>
    <subfield code="7">0</subfield>
    <subfield code="8">PD</subfield>
    <subfield code="a">BNPHU</subfield>
    <subfield code="b">BNPHU</subfield>
    <subfield code="c">CT</subfield>
    <subfield code="d">2013-05-23</subfield>
    <subfield code="o"> </subfield>
    <subfield code="p">2022-4861</subfield>
    <subfield code="r">2020-06-25</subfield>
    <subfield code="t">e.5</subfield>
    <subfield code="w">2020-06-25</subfield>
    <subfield code="y">LBS1</subfield>
  </datafield>
  <datafield tag="952" ind1=" " ind2=" ">
    <subfield code="0">0</subfield>
    <subfield code="1">0</subfield>
    <subfield code="2">ddc</subfield>
    <subfield code="5">1</subfield>
    <subfield code="7">0</subfield>
    <subfield code="8">PD</subfield>
    <subfield code="a">BNPHU</subfield>
    <subfield code="b">BNPHU</subfield>
    <subfield code="c">CT</subfield>
    <subfield code="d">2022-08-17</subfield>
    <subfield code="e">Dep&#xF3;sito legal</subfield>
    <subfield code="p">2022-4853</subfield>
    <subfield code="r">2022-11-03</subfield>
    <subfield code="w">2022-11-03</subfield>
    <subfield code="y">LBS1</subfield>
  </datafield>
  <datafield tag="952" ind1=" " ind2=" ">
    <subfield code="0">0</subfield>
    <subfield code="1">0</subfield>
    <subfield code="2">ddc</subfield>
    <subfield code="5">1</subfield>
    <subfield code="7">0</subfield>
    <subfield code="8">PD</subfield>
    <subfield code="a">BNPHU</subfield>
    <subfield code="b">BNPHU</subfield>
    <subfield code="c">CT</subfield>
    <subfield code="d">2022-08-17</subfield>
    <subfield code="e">Dep&#xF3;sito legal</subfield>
    <subfield code="p">2022-4854</subfield>
    <subfield code="r">2022-11-03</subfield>
    <subfield code="t">e.2</subfield>
    <subfield code="w">2022-11-03</subfield>
    <subfield code="y">LBS1</subfield>
  </datafield>
  <datafield tag="999" ind1=" " ind2=" ">
    <subfield code="c">38610</subfield>
    <subfield code="d">38610</subfield>
  </datafield>
</record>
